000 00699nam a22001937a 4500
999 _c20190
_d20190
003 AR-CdUCM
008 190527b ||||| |||| 00| 0 eng d
040 _aMUNICIPALIDAD PROVINCIAL DEL CUSCO
_cBIBLIOTECA MUNICIPAL DEL CUSCO
082 _a800 /
_bS36
100 _aSobrino Pancorbo, Carlos
_942203
245 _aUn niño andino emergente e inquisidor... /
260 _aLima :
_bFrangraf,
_c 2011.
300 _a593 páginas ;
_c21 cm.
505 _aContenido: Doña Maria Manuela Pancorbo Ayerbe y algunas familias -- Vivencias y educación de los hermanos Sobrino Pancorbo...
650 _aFamilia Pancorbo
_942204
650 _aReforma agraria
_91861
942 _2ddc
_cLIBROS
945 _aAndy